书目信息 |
| 题名: |
中国绿色经济研究
|
|
| 作者: | 鲁明中 , 张象枢 主编 | |
| 分册: | ||
| 出版信息: | 郑州 河南人民出版社 2005 |
|
| 页数: | 15,358页 | |
| 开本: | 21cm | |
| 丛书名: | ||
| 单 册: | ||
| 中图分类: | X196 | |
| 科图分类: | ||
| 主题词: | 环境经济学--研究--中国 , 环境经济学 | |
| 电子资源: | ||
| ISBN: | 7-215-05583-3 | |
| 000 | 00964nam0 2200289 450 | |
| 001 | 002862773 | |
| 005 | 20070807164534.84 | |
| 010 | @a7-215-05583-3@dCNY23.00 | |
| 035 | @a002862773 | |
| 100 | @a20050516d2005 emky0chiy0110 ea | |
| 101 | 0 | @achi |
| 102 | @aCN@b410000 | |
| 105 | @ay z 000yy | |
| 106 | @ar | |
| 200 | 1 | @a中国绿色经济研究@Azhong guo lv se jing ji yan jiu@f鲁明中,张象枢主编@Flu ming zhong, zhang xiang shu zhu bian |
| 210 | @a郑州@c河南人民出版社@d2005 | |
| 215 | @a15,358页@d21cm | |
| 300 | @a国家“十五”重点图书出版规划项目 | |
| 330 | @a本书包括:绿色经济的理论基础、绿色产业与产业生态化、区域绿色经济发展、中国绿色经济之路等5章内容。 | |
| 510 | 1 | @aResearch on Chinese Green Economy@zeng |
| 606 | 0 | @a环境经济学@x研究@y中国 |
| 606 | 0 | @a环境经济学 |
| 690 | @aX196@v4 | |
| 701 | 0 | @a鲁明中@Alu ming zhong@4主编 |
| 701 | 0 | @a张象枢@Azhang xiang shu@f(1931~)@4主编 |
| 801 | 0 | @aCN@bNLC@c20070807 |
| 905 | @dX196@e177@f1 | |
| 中国绿色经济研究/鲁明中,张象枢主编.-郑州:河南人民出版社,2005 |
| 15,358页;21cm |
| 国家“十五”重点图书出版规划项目 |
| ISBN 7-215-05583-3:CNY23.00 |
| 本书包括:绿色经济的理论基础、绿色产业与产业生态化、区域绿色经济发展、中国绿色经济之路等5章内容。 |
| ● |
| 相关链接 |
|
|
|
|
正题名:中国绿色经济研究
索取号:X196/177
 
预约/预借
| 序号 | 登录号 | 条形码 | 馆藏地/架位号 | 状态 | 备注 |
| 1 | 0852987 | 208529877 | 第二样本阅览室/ [索取号:X196/177] | 在馆 |